| 000 | 01163nam a22003257a 4500 | ||
|---|---|---|---|
| 003 | CHAP | ||
| 005 | 20220329140552.0 | ||
| 008 | 971013s1982 r 00010 d | ||
| 010 | _a54080 | ||
| 011 | _a55052 | ||
| 035 | _a59204 | ||
| 040 | _cCHAP | ||
| 090 | _aTesis | ||
| 100 | 0 | 0 |
_aPrado Bravo, Carlos Humberto. _991261 |
| 245 | _aEstimación de la distribución y causas de diseminación del hongo Plasmodiophora brassicae responsable de la hernia de las cruciferas en la República de Guatemala | ||
| 260 |
_aGuatemala : _bEl autor, _c1982 |
||
| 300 | _a40 h. | ||
| 502 | _aTesis (Ing. Agrónomo) -- Univ. de San Carlos de Guatemala. Fac. de Agronomía | ||
| 590 |
_aALEPH _b10 _c20130110 _lUCH01 _h1331 |
||
| 590 |
_aBATCH-UPD _b10 _c20130110 _lUCH01 _h0241 |
||
| 590 |
_aBATCH-UPD _b10 _c20130110 _lUCH01 _h0833 |
||
| 590 |
_aBATCH-UPD _b10 _c20130409 _lUCH01 _h2307 |
||
| 590 |
_aBATCH-UPD _b10 _c20130914 _lUCH01 _h1104 |
||
| 590 |
_aCONVERSION _b10 _c20130109 _lUCH01 _h1329 |
||
| 650 | 1 | 4 |
_aCrucíferas. _929245 |
| 650 | 1 | 4 |
_aPlasmodiophora brassicae. _989110 |
| 901 | _aBK | ||
| 942 | _cTESIS | ||
| 949 |
_bBC _cTES _d-128089 _eTS1 _gI.c/e _h20185 _i59204 _si |
||
| 999 |
_c54080 _d54080 |
||